Rosa Juventus 25/26 - Statistics

Statistiche generali
  • Questo quiz è stato fatto 182 volte
  • Il punteggio medio è 22 su 26
Statistiche sulle risposte
Ruolo Risposta % Corretto
D Gleison Bremer
99%
P Mattia Perin
99%
P Michele Di Gregorio
99%
A Dušan Vlahović
97%
A Jonathan David
97%
P Carlo Pinsoglio
96%
A Loïs Openda
96%
C Manuel Locatelli
96%
D Federico Gatti
95%
A Kenan Yıldız
92%
C Andrea Cambiaso
90%
D Pierre Kalulu
90%
C Khéphren Thuram
88%
D Lloyd Kelly
88%
A Francisco Conceição
84%
C Teun Koopmeiners
84%
C Weston McKennie
84%
D Daniele Rugani
76%
A Edon Zhegrova
75%
C Vasilije Adžić
75%
A Arkadiusz Milik
72%
C Fabio Miretti
72%
D Juan David Cabal
63%
C Filip Kostić
62%
C João Mário
57%
D Jonas Rouhi
43%
Nessun quiz corrispondente trovato
Distribuzione punteggi
Percentuale di utenti per punteggio
Percentile per numero di risposta
I tuoi punteggi nel tempo
Non hai fatto questo quiz